00317pab a2200133 454500008004000000100001800040245003500058260000900093300001300102362001100115650001400126650001900140773002400159180718b2001 xxu||||| |||| 00| 0 eng d aWalsh, Vivian aThe economics of Joan Robinson c2001 ap.229-35 aSummer aEconomics aRobinson, Joan aScience and Society